Statistics for managers using microsoft excel (Record no. 8129)
[ view plain ]
| 000 -LEADER | |
|---|---|
| fixed length control field | 00602nam a2200193Ia 4500 |
| 001 - CONTROL NUMBER | |
| control field | 6564 |
| 008 - FIXED-LENGTH DATA ELEMENTS--GENERAL INFORMATION | |
| fixed length control field | 140320s9999 xx 000 0 und d |
| 020 ## - INTERNATIONAL STANDARD BOOK NUMBER | |
| International Standard Book Number | 0-13-462912-4 |
| 040 ## - CATALOGING SOURCE | |
| Transcribing agency | PK-LaUMT |
| 082 ## - DEWEY DECIMAL CLASSIFICATION NUMBER | |
| Classification number | 519.502855369 |
| Item number | LEV-S |
| 100 ## - MAIN ENTRY--PERSONAL NAME | |
| Personal name | Berenson, Mark L., Jt. Auth.; (Stephan, David), Jt |
| 245 ## - TITLE STATEMENT | |
| Title | Statistics for managers using microsoft excel |
| Statement of responsibility, etc | Berenson, Mark L., Jt. Auth.; (Stephan, David), Jt<>Levine, David M. |
| 260 ## - PUBLICATION, DISTRIBUTION, ETC. (IMPRINT) | |
| Place of publication, distribution, etc | New Jersey,USA: |
| Name of publisher, distributor, etc | Prentice-Hall, |
| Date of publication, distribution, etc | 1997. |
| 300 ## - PHYSICAL DESCRIPTION | |
| Extent | 716 p. |
| 546 ## - LANGUAGE NOTE | |
| Language note | EN |
| 650 ## - SUBJECT ADDED ENTRY--TOPICAL TERM | |
| Topical term or geographic name as entry element | Commercial statistics |
| 700 ## - ADDED ENTRY--PERSONAL NAME | |
| Personal name | Levine, David M. |
| 942 ## - ADDED ENTRY ELEMENTS (KOHA) | |
| Koha item type | Books |
| Withdrawn status | Lost status | Source of classification or shelving scheme | Damaged status | Not for loan | Home library | Current library | Date acquired | Total Checkouts | Full call number | Barcode | Date last seen | Price effective from | Koha item type | Checked out | Date checked out |
|---|---|---|---|---|---|---|---|---|---|---|---|---|---|---|---|
| Dewey Decimal Classification | UMT Main Campus | UMT Main Campus | 2014-03-20 | 519.502855369 LEV-S | 7431 | 2014-03-20 | 2014-03-20 | Books | |||||||
| Dewey Decimal Classification | UMT Main Campus | UMT Main Campus | 2014-06-02 | 1 | 519.502855369 LEV-S | 14569 | 2019-10-24 | 2014-06-02 | Books | 2019-11-07 | 2019-10-24 |
